Report of The Finance Committee on the Value Added Tax Bill, 2013 (Record no. 1449)

MARC details
000 -LEADER
fixed length control field 00469nam a2200157Ia 4500
008 - FIXED-LENGTH DATA ELEMENTS--GENERAL INFORMATION
fixed length control field 240428s9999||||xx |||||||||||||| ||und||
041 ## - LANGUAGE CODE
Language code of text/sound track or separate title eng
082 ## - DEWEY DECIMAL CLASSIFICATION NUMBER
Classification number BR/VAT/14
100 ## - MAIN ENTRY--PERSONAL NAME
Personal name Finance Committee
245 #0 - TITLE STATEMENT
Title Report of The Finance Committee on the Value Added Tax Bill, 2013
260 ## - PUBLICATION, DISTRIBUTION, ETC.
Name of publisher, distributor, etc. Finance Committee
Place of publication, distribution, etc. Accra
Date of publication, distribution, etc. 2014
300 ## - PHYSICAL DESCRIPTION
Extent ii, 22p; tabs.
650 ## - SUBJECT ADDED ENTRY--TOPICAL TERM
Topical term or geographic name entry element Report of The Finance Committee on the Value Added Tax Bill, 2013
942 ## - ADDED ENTRY ELEMENTS (KOHA)
Koha item type Bills From Committees
Holdings
Withdrawn status Lost status Damaged status Not for loan Home library Current library Shelving location Date acquired Total checkouts Full call number Date last seen Copy number Price effective from Koha item type
        Main Library Main Library Open Shelves 22/07/2022   BR/VAT/13 1522 C4 - BR/VAT/13 1521 C3 - BR/VAT/14 1472 C1 . - BR/VAT/14 1473 C2. 29/04/2024 1 29/04/2024 Bills From Committees
©2026  Parliament of Ghana Library - All rights reserved